书目信息 |
| 题名: |
人与树
|
|
| 作者: | 沃特金斯 著 ;王扬 译 | |
| 分册: | ||
| 出版信息: | 北京 中国友谊出版公司 2018 |
|
| 页数: | 280页 | |
| 开本: | 24cm | |
| 丛书名: | ||
| 单 册: | ||
| 中图分类: | S718.52-091 | |
| 科图分类: | ||
| 主题词: | 人类活动--ren lei huo dong--关系--树木--文化史--世界 | |
| 电子资源: | ||
| ISBN: | 978-7-5057-4187-4 | |
| 000 | 01340cam0 2200301 45 | |
| 001 | 012001001451 | |
| 005 | 20140108105856.0 | |
| 010 | @a978-7-5057-4187-4@dCNY69.00 | |
| 099 | @aCAL 012018011827 | |
| 100 | @a20180111d2018 em y0chiy50 ea | |
| 101 | 1 | @achi@ceng |
| 102 | @aCN@b110000 | |
| 105 | @aa a 000yy | |
| 106 | @ar | |
| 200 | 1 | @a人与树@Aren yu shu@e一部社会文化史@f(英) 查尔斯·沃特金斯著@d= Trees, woods and forests@ea social and cultural history@fCharles Watkins@g王扬译@zeng |
| 210 | @a北京@c中国友谊出版公司@d2018 | |
| 215 | @a280页@c图@d24cm | |
| 314 | @a查尔斯·沃特金斯, 英国诺丁汉大学乡村地理专业的教授。 | |
| 320 | @a有书目 (第278-280页) | |
| 330 | @a本书是这样一部聚焦树与人类“关联”的作品。它既是一部树的历史, 同时也始终在书写人类活动的痕迹。通过一系列曾发生在森林里的“真实故事”, 探讨我们对树木、树林和森林的理解与认知, 帮助人们从更多层面去理解人和树木、树林, 乃至森林之间的关联与意义。 | |
| 500 | 10 | @aTrees, woods and forests : a social and cultural history@mChinese |
| 517 | 1 | @a一部社会文化史@Ayi bu she hui wen hua shi |
| 606 | 0 | @a人类活动@Aren lei huo dong@x关系@x树木@x文化史@y世界 |
| 690 | @aS718.52-091@v5 | |
| 701 | 1 | @a沃特金斯@Awo te jin si@g(Watkins, Charles)@4著 |
| 702 | 0 | @a王扬@Awang yang@4译 |
| 801 | 0 | @aCN@b北京卓展@c20191020 |
| 905 | @b1201935-8@dS718.52-091@e125@f4 | |
| 人与树:一部社会文化史/(英) 查尔斯·沃特金斯著= Trees, woods and forests:a social and cultural history/Charles Watkins/王扬译.-北京:中国友谊出版公司,2018 |
| 280页:图;24cm |
| ISBN 978-7-5057-4187-4:CNY69.00 |
| 本书是这样一部聚焦树与人类“关联”的作品。它既是一部树的历史, 同时也始终在书写人类活动的痕迹。通过一系列曾发生在森林里的“真实故事”, 探讨我们对树木、树林和森林的理解与认知, 帮助人们从更多层面去理解人和树木、树林, 乃至森林之间的关联与意义。 |
| ● |
| 相关链接 |
|
|
|
|
正题名:人与树
索取号:S718.52-091/125
 
预约/预借
| 序号 | 登录号 | 条形码 | 馆藏地/架位号 | 状态 | 备注 |
| 1 | 1201935 | 212019359 | 第二样本阅览室/ [索取号:S718.52-091/125] | 在馆 | |
| 2 | 1201936 | 212019368 | 第三借阅区/ [索取号:S718.52-091/125] | 在馆 | |
| 3 | 1201937 | 212019377 | 第三借阅区/ [索取号:S718.52-091/125] | 在馆 | |
| 4 | 1201938 | 212019386 | 第三借阅区/ [索取号:S718.52-091/125] | 在馆 |